| 000 | 00000nam##2200000za#4500 |
| 001 | 9.640252 |
| 003 | CaOODSP |
| 005 | 20210624222559 |
| 007 | cr ||||||||||| |
| 008 | 150407|2006||||xxc|||||o f|0| 0 fre|d |
| 040 | |aCaOODSP|bfre |
| 043 | |an-cn--- |
| 086 | 1 |aH34-153/15-2006F-PDF |
| 110 | 1 |aCanada.|bSanté Canada. |bDirection générale de la santé des Premières nations et des Inuits. |
| 245 | 10|aBoulettes de viande à l'italienne / |h[ressource électronique]|ctirée du livre The Basic Shelf Cookbook, adaptée et réimprimée avec la permission de l'éditeur. |
| 260 | |aOttawa - Ontario : |bSanté Canada. |cc2007. |
| 300 | |a2p.|bill. en couleur |
| 500 | |aLe numéro de catalogue (H34-153/2007F) et l'ISBN (978-0-662-73119-1) imprimés dans cette publication sont incorrects. |
| 590 | |a12-22-Supp|b2012-05-24 |
| 691 | 07|aArt culinaire|2gcpds |
| 775 | 08|tItalian style meat balls / |w(CaOODSP)9.696132 |
| 856 | 40|ahttp://publications.gc.ca|qPDF|s155 Ko|uhttps://publications.gc.ca/collections/collection_2012/sc-hc/H34-153-15-2006-fra.pdf |